Adivina el artista urbano de esta canción - Estadísticas

Estadísticas generales
  • Esta prueba ha sido intentada 42 veces
  • La puntuación promedio es 4 de 10
Estadísticas de respuestas
Canción Respuestas % Correcto
Antes de que muera yo Pienso follarte hasta borrar el límite entre los dos Antes de que muera yo Quiero jugar con mi vida hasta haberle 'perdio' el valor c tangana
82%
Quiere toto de loca Perra, pon la boca Quiere toto de loca Perra, pon la boca, boca, ah Ella es morenita con el pelo corto No se parece a mí, tiene el rabo gordo metrika
76%
Ey, he vuelto a ver tu tatuaje, aunque esta vez en otro cuerpo Y no pude evitar el parar y pensar en cómo te irá ahora Siempre me cruzo a tu amiga, y cada vez que me la encuentro Siento que me has olvidao, y por cómo me mira, sé que ya no me odia' delaossa
68%
Ya sabes cómo me muevo, papá Le freno al mall y es un mood Mantengo al 100 la vuelta Pendiente al siguiente move Si su cuero es un G Usted debe ser un G Ya sabes cómo me muevo En silencio cruz cafune
47%
Si me quieres enamorar Te voy a dar una pista Las chicas de mis sueños son artistas No suelo pedirle que se desvista Lo primero que pido es que me diga mvrk
38%
Ay, Lorena, quieren que sea su nena Pagarme la cena y cogerme la melena Ay, Lorena, déjame la boca llena Un polvo no es un polvo si el chocho no me quema l0rna
32%
En la memoria nadie muere Pero no sabes cómo duele En mi cabeza quema No imaginas la falta que hace que estuvieras dellafuente
26%
Poco a poco, pasa el tiempo, corazón roto Todo lo que quiero es hundirme en tu mirada Baby, no te rayes, e' cosa mía Aunque quiera, no te digo nada Daría lo que fuera por decirte que me dejes en paz Si me miras de esa forma, es imposible rusowsky
24%
Siempre igual, fuera de lugar Despegué sin saber aterrizar Me siento como la bola ocho del billar Empezaban la partida y me dejaban al final, yeah Rodé como la roca que el río redondeó Y ahora puede por fin solita avanzar d.valentino
21%
Pastillitas con alcohol Y me da por registrarte el bolso, mi amor Y me da por registrarte el bolso Y el corazón me lo destrozo, mi amor Y el corazón me lo destrozo (Destrozo) yungbeef
18%
No se encontraron pruebas coincidentes
Distribución de puntuación
Porcentaje de gente con cada puntuación
Porcentaje por número respondido
Historial de tus puntuaciones
No has intentado esta prueba.